LDR 01224naa#a2200229#i#450# 001 RU\\bibl\119723 005 20260414024631.2 011 ## _a0235-2524 100 ## _a20260407b2026####ek#y0rusy0150####ca 102 ## _aRU 200 1# _aЭффективная мелиорация – обеспечение продовольственной безопасности _eЖурнальная статья 210 1# _aМосква _cАНО «Редакция журнала «Мелиорация и водное хозяйство» _d2026 215 ## _a1 с. 606 ## _aСельское, лесное и рыбное хозяйство. 35.00.00 _2local 608 ## _aЖурнальная статья _2local 675 ## _aСельскохозяйственная мелиорация. 631.6 _z 686 ## _aСЕЛЬСКОЕ И ЛЕСНОЕ ХОЗЯЙСТВО. СЕЛЬСКОХОЗЯЙСТВЕННЫЕ И ЛЕСОХОЗЯЙСТВЕННЫЕ НАУКИ. 4 _2bbk 686 ## _aОбщие вопросы. 500 _2tbk 686 ## _aСельское хозяйство. 56 _2tbk 686 ## _aСЕЛЬСКОЕ И ЛЕСНОЕ ХОЗЯЙСТВО. 68.00 _2grnti 700 #1 _aГулюк _gГеоргий Григорьевич 856 4# _amivh.editorum.ru _u